000 02063nam0a22003131 4500
001 v19\rc\1757770
005 20260406094441.0
035 _a(NLR Aleph) 005249165
090 _a5785658
_c5785658
100 _a20061204d1903 |||y0rusy50 ca
101 1 _arus
_cger
102 _aRU
105 _aa z |||||
200 1 _aРадий и его лучи
_eDie radioactiven Stoffe nach dem gegenwärtigen Stande der wissenschaftlichen Erkenntnis
_eС прил. ст. Е.С. Лондона "О физиологическом значении радия"
_fК. Гофман, проф. Мюнх. ун-та
_gПер. с нем., с доб., изм. и введ. Ф.Н. Индиксона, под ред. проф. И.И. Боргмана
205 _a2-е рус. изд., изм. и значит. доп.
210 _aСанкт-Петербург
_cтип. М.М. Стасюлевича
_d1903
215 _aIV, 84 с., 6 л. ил.
_cил.
_d22
300 _aВ конце предисл.: проф. д-р Карл Гофман
454 0 _12001#$aDie radioactiven Stoffe nach dem gegenwärtigen Stande der wissenschaftlichen Erkenntnis
_tDie radioactiven Stoffe nach dem gegenwärtigen Stande der wissenschaftlichen Erkenntnis
464 0 _12001#$aО физиологическом значении радия
_1700#1$3RU\NLR\AUTH\7771349$7ca$aЛондон$bЕ. С.$f1869-1939$gЕфим Семенович
_tО физиологическом значении радия
_aЛондон, Ефим Семенович (1869-1939)
700 1 _8rus
_7ca
_aГофман
_bК. А.
_f1870-1940
_gКарл Андреас
_3RU\NLR\AUTH\7771649
_954577
702 1 _4080
_8rus
_7ca
_aИндриксон
_bФ. Н.
_f1872-
_gФедор Николаевич
_3RU\NLR\AUTH\7771342
_954270
702 1 _4340
_8rus
_7ca
_aБоргман
_bИ. И.
_f1849-1914
_gИван Иванович
_3RU\NLR\AUTH\7768791
_951719
801 2 _aRU
_bNLR
_c20081204
_2rusmarc
801 0 _aRU
_bNLR
_c20061204
_gpsbo
801 1 _aRU
_bProSoft-M
_c20061204
_2rusmarc
852 _aNLR
_j38.61.3.38
942 _cBOOK
980 _aNB